| 000 | 00605nam a2200205Ia 4500 | ||
|---|---|---|---|
| 003 | OSt | ||
| 005 | 20250630125050.0 | ||
| 008 | 210210b1989 xxu||||| |||| 00| 0 eng d | ||
| 040 | _cAL | ||
| 041 | _aKannada | ||
| 082 | _aK894.3 TARK | ||
| 100 |
_aTARASHANKARA BANDOPADHYAY _dತಾರಾಶಂಕರ ಬಂದೋಪಾಧ್ಯಾಯ _9216599 |
||
| 245 |
_aKavi _b ಕವಿ |
||
| 260 |
_aHosa Dehali _bNyashanal Buk Trast _c1989 |
||
| 300 | _a281,iv | ||
| 690 |
_aKannada Fiction _9216600 |
||
| 700 |
_aAhobala Shankara _dಅಹೋಬಲ ಶಂಕರ tr _9216601 |
||
| 906 | _a044355 | ||
| 942 |
_2ddc _cBK |
||
| 999 |
_c93987 _d93987 |
||